中国动车组图鉴 Images of main model series of China's EMU trains - Statistics

General Stats
  • This quiz has been taken 21 times
  • The average score is 15 of 19
Answer Stats
Picture Answer % Correct
CR400BF(-A/B...)
95%
CRH1A/1B
95%
CRH2A/2B/2C/2E
95%
CR200J(1/2/3/S)(-A/B/C/G)
90%
CR400AF(-A/B...)
90%
CRH5A/5G
85%
CRH6A(-A)/6F(-A)
85%
CR300AF
80%
CR300BF
80%
CRH2E(纵向动卧)
80%
CRH380A/AL
80%
CRH380B/BG/BL
80%
CRH3C
80%
CRH380CL
75%
CRH1E/1B(1E头型)
70%
CRH380D
70%
CRH2G
65%
CRH3A(-A)
65%
CRH1A-A/E(NG)
60%
No matching quizzes found
Score Distribution
Percent of People with Each Score
Percentile by Number Answered
Your Score History
You have not taken this quiz